Touch Katseye - lyrics - Statistics

General Stats
  • This quiz has been taken 399 times
  • The average score is 296 of 375
Answer Stats
Answer % Correct
to
99%
Touch
97%
touch
97%
much
96%
ya
95%
you
95%
You
95%
a
94%
been
92%
I
92%
so
92%
So
92%
out
91%
bout
90%
of
90%
love
88%
my
88%
too
88%
Too
88%
way
88%
about
87%
But
87%
could
87%
Monday
85%
thinking
85%
us
84%
was
84%
have
83%
Thought
83%
Tuesday
83%
Over
81%
over
81%
the
81%
'Cause
79%
'cause
79%
had
77%
dreaming
73%
phone
73%
some
72%
waiting
72%
in
70%
Friday
69%
I'm
68%
on
68%
say
68%
Say
68%
tonight
68%
alone
67%
close
67%
bored
66%
moon
66%
Thursday
66%
window
66%
baby
65%
getting
65%
Sometimes
65%
sometimes
65%
what
65%
can
64%
Oh
64%
it
63%
seem
63%
were
63%
And
61%
days
61%
makes
61%
Two
61%
Stare
60%
Yeah
59%
cold
58%
moving
58%
Weekend
58%
from
57%
interest
57%
losing
57%
slow
57%
wasn't
57%
near
56%
hearing
55%
do
53%
up
53%
already
51%
time
51%
there
50%
young
47%
Come
46%
night
46%
call
45%
Don't
45%
missed
45%
waste
45%
one
43%
If
42%
messed
42%
again
41%
heard
41%
press
41%
before
40%
ever
40%
good
40%
here
40%
ignore
40%
sorry
40%
advice
39%
First
38%
something
38%
comes
37%
fun
37%
you're
37%
Promise
36%
story
36%
went
36%
with
35%
won't
35%
anymore
34%
different
34%
ain't
33%
gonna
33%
No matching quizzes found
Score Distribution
Percent of People with Each Score
Percentile by Number Answered
Your Score History
You have not taken this quiz